| 000 | 01781nam a22002417a 4500 | ||
|---|---|---|---|
| 005 | 20250826133016.0 | ||
| 008 | 250826t2025 xxk|||||o|||| 00| 0 eng d | ||
| 041 | _aeng | ||
| 110 | _aRoyal Institution of Chartered Surveyors | ||
| 245 | _aHome survey standard 2nd edition draft professional standard | ||
| 260 |
_aLondon, _bRoyal Institution of Chartered Surveyors, _c2025 |
||
| 300 | _a47p | ||
| 520 | _aOver 325 RICS professionals shared their feedback in a 2024 member survey, which focused on the effectiveness of the current standard, as well as suggestions for improvement. In parallel, a UK-wide consumer survey of more than 1,400 homeowners was carried out to capture public views and expectations around home surveys. The findings from both surveys have informed the draft of an updated standard, which is now subject to formal consultation and opened on 19th August 2025 and closes on 30 September 2025. There is a separate consultation on the potential development of a home survey reglation scheme aimed at further supporting public trust and professional consistency in the market. | ||
| 650 | _aHOME SURVEYS | ||
| 650 | _aRESIDENTIAL PROPERTY | ||
| 651 | _aEngland | ||
| 690 |
_96270 _aSurvey reports |
||
| 856 |
_uhttps://consultations.rics.org/homesurveys/consultationHome _zRICS iconsult overview page for Home Survey Standard |
||
| 856 |
_uhttps://consultations.rics.org/homesurveys/view?objectID=257424677 _zDraft Home Survey Standard 2nd edition |
||
| 856 |
_uhttps://consultations.rics.org/homesurveys/view?objectID=257429957 _zRed line version of the Draft Home Survey Standard 2nd edition |
||
| 856 |
_uhttps://consultations.rics.org/homesurveys/view?objectID=255903333 _zHome Surveys Regulatory scheme draft proposal |
||
| 942 | _n0 | ||
| 999 |
_c122204 _d122204 |
||